Guess the NBA player by picture - Statistics

General Stats
  • This quiz has been taken 293 times
  • The average score is 14 of 16
Answer Stats
Picture Answer % Correct
james harden
99%
kevin durant
99%
klay thompson
98%
joel embiid
97%
russell westbrook
97%
damian lillard
96%
devin booker
96%
victor wembanyama
94%
anthony edwards
92%
demar derozan
90%
jordan poole
89%
bol bol
87%
kristaps porzingis
87%
brandon ingram
82%
mike conley
75%
monte morris
27%
No matching quizzes found
Score Distribution
Percent of People with Each Score
Percentile by Number Answered
Your Score History
You have not taken this quiz